000 00734cam a22002413a 4500
001 24088
003 PGUSA
005 20140828083520.0
008 071231s2007||||xxu|||||s|||||000 | eng d
040 _aPGUSA
_beng
042 _adc
050 4 _aE456
100 1 _aLeale, Charles Augustus,
_d1842-1932
245 1 0 _aLincoln's Last Hours
_h[electronic resource] /
_cCharles Augustus Leale
260 _bProject Gutenberg,
_c2007
506 _aPublic domain in the USA.
516 _aElectronic text
653 _aLincoln, Abraham, 1809-1865 -- Assassination
653 _aLincoln, Abraham, 1809-1865 -- Death and burial
830 0 _aProject Gutenberg
_v24088
856 4 0 _uhttp://www.gutenberg.org/ebooks/24088
942 _cEB
999 _c253343
_d253343